000 00589nam a22001817a 4500
999 _c189294
_d189294
005 20220623104715.0
010 _aENG-133335
020 _a9788179941553
_c150.00
035 _aEN-116867
037 _bDBAD/PUB
082 _a510.954
100 _aHeroor, Venugopal D.
245 _aThe History of Mathematics and Mathematicians of India/
_cVenugopal D. Heroor
260 _aBengaluru
_bSakshi
_c2006
270 _a# 63, 13th Main, 4th Block East, Jayanagar
_bBengaluru
_e560011
_minfo@vedah.com
300 _a244p.
_bIndex
_c21cm(pbk)
942 _2ddc
_cEN
_h510.954
_mHER